Statystyki dla Najludniejsze państwo w tym regionie

Kliknij tutaj aby rozwiązać quiz!

Ogólne statystyki

  • Ten quiz został rozwiązany 115 razy
  • Średni wynik to 18 z 20

Statystyki odpowiedzi

RegionLudnośćPaństwo% Poprawnych
Europa Wschodnia146 mlnRosja
100%
Ameryka Południowa210 mlnBrazylia
99%
Azja Południowa1296 mlnIndie
98%
Europa Zachodnia83 mlnNiemcy
98%
Europa Środkowa38 mlnPolska
98%
Ameryka Północna326 mlnStany Zjednoczone
98%
Azja Wschodnia1420 mlnChiny
97%
Afryka Południowa54 mlnRepublika Południowej Afryki
97%
Oceania25 mlnAustralia
96%
Europa Południowa60 mlnWłochy
96%
Karaiby11 mlnKuba
95%
Afryka Środkowa101 mlnDemokratyczna Republika Konga
94%
Afryka Północna100 mlnEgipt
94%
Europa Północna10 mlnSzwecja
94%
Afryka Zachodnia203 mlnNigeria
86%
Azja Południowo-Wschodnia261 mlnIndonezja
85%
Azja Zachodnia82 mlnTurcja
80%
Afryka Wschodnia108 mlnEtiopia
78%
Ameryka Środkowa16 mlnGwatemala
70%
Azja Środkowa33 mlnUzbekistan
52%

Rozkład punktacji

Percentyl według liczby udzielonych odpowiedzi

Procent ludzi z każdym wynikiem

Twoja historia wyników

Nie rozwiązałeś tego quizu